000 00353nam a2200145Ia 4500
008 200103s9999||||xx |||||||||||||| ||und||
040 _aIMU-MPC
082 _aColumn-20
100 _aDull, Raymond W.
245 0 _aMathematics for Engineers
250 _a3rd Ed.
260 _bMcGraw-Hill Book Company, Inc.
_c1951
300 _axix, 822
942 _cBK
999 _c6503
_d6503